[Event "Wch U16 Girls"]
[Site "Caldas Novas"]
[Date "2011.11.23"]
[Round "6"]
[White "Jensen Recupero, Daniela"]
[Black "Mendez Tovar, Jessica Yissel"]
[Result "0-1"]
[WhiteElo "1821"]
[BlackElo "1761"]
[PlyCount "46"]
[EventDate "2011.11.18"]
[EventType "swiss"]
[EventRounds "9"]
[EventCountry "BRA"]
[SourceTitle "EXT 2013"]
[Source "ChessBase"]
[SourceDate "2012.11.22"]
[SourceVersion "1"]
[SourceVersionDate "2012.11.22"]
[SourceQuality "1"]

1. e4 c5 2. Nf3 d6 3. d4 cxd4 4. Nxd4 Nf6 5. Nc3 g6 6. Be2 Bg7 7. Be3 Nc6 8. Nb3 0-0 9. h4 Ne5 10. Qd2 Neg4 11. 0-0-0 Nxe3 12. Qxe3 Be6 13. Nd5 a5 14. Nb6 a4 15. Nd2 Ra5 16. a3 Ng4 17. Bxg4 Bxg4 18. f3 Be6 19. Nbc4 Rc5 20. Qe2 Qc7 21. Ne3 Qb6 22. Nec4 Qb5 23. Rhe1 Rxc4 0-1